Journal of Experimental and Clinical Anatomy (Record no. 37380)

MARC details
000 -LEADER
fixed length control field 00367nam a2200121Ia 4500
050 ## - CALL MARK
Classification number QM23.2 .J68
245 ## - TITLE STATEMENT
Title Journal of Experimental and Clinical Anatomy
260 ## - PUBLICATION, DISTRIBUTION, ETC. (IMPRINT)
Place of publication Nigeria
Name of publisher Society of Experimental and Clinical Anatomists of Nigeria (SECAN).
Year of publication 2025
300 ## - PHYSICAL DESCRIPTION
Number of Pages iv, 148 p. ; ill. 28 cm.
650 ## - SUBJECT ADDED ENTRY--TOPICAL TERM
Topical Term Human anatomy
942 ## - ADDED ENTRY ELEMENTS (KOHA)
Koha item type Serials
Source of classification Library of Congress Classification

No items available.